Social characteristics of the people of Karachi / (Record no. 27389)
[ view plain ]
| 000 -LEADER | |
|---|---|
| fixed length control field | 01064cam a22002771 4500 |
| 001 - CONTROL NUMBER | |
| control field | 27389 |
| 003 - CONTROL NUMBER IDENTIFIER | |
| rucl marc code | BD-RjUL |
| 005 - DATE AND TIME OF LATEST TRANSACTION | |
| control field | 20211209051140.0 |
| 008 - FIXED-LENGTH DATA ELEMENTS--GENERAL INFORMATION | |
| fixed length control field | 140325t1965 pk b b 000 0 eng |
| 035 ## - SYSTEM CONTROL NUMBER | |
| System control number | (BD-RjUL) 27462 |
| 040 ## - CATALOGING SOURCE | |
| Original cataloging agency | DLC |
| Transcribing agency | DLC |
| Modifying agency | DLC |
| -- | BD-RjUL |
| Language of cataloging | eng |
| 041 ## - LANGUAGE CODE | |
| Language code of text/sound track or separate title | eng |
| 082 00 - DEWEY DECIMAL CLASSIFICATION NUMBER | |
| Classification number | 309.15491 |
| Author mark and year | HUS 1965 |
| 100 0# - MAIN ENTRY--PERSONAL NAME | |
| Personal name | Husain, Imtiazuddin |
| 9 (RLIN) | 84140 |
| 245 10 - TITLE STATEMENT | |
| Title | Social characteristics of the people of Karachi / |
| Statement of responsibility, etc. | by Imtiazuddin Husain, Mohammad Afzal [and] Syed Amjad Ali Bahadur Rizvi. |
| 260 ## - PUBLICATION, DISTRIBUTION, ETC. (IMPRINT) | |
| Place of publication, distribution, etc. | Karachi : |
| Name of publisher, distributor, etc. | Pakistan Institute of Development Economics, |
| Date of publication, distribution, etc. | 1965. |
| 300 ## - PHYSICAL DESCRIPTION | |
| Pagination | vii, 155 p. : |
| Illustrations | ill. ; |
| Size | 22 cm. |
| 410 20 - SERIES STATEMENT/ADDED ENTRY--CORPORATE NAME [OBSOLETE, CAN/MARC], [LOCAL, USA] | |
| Corporate name or jurisdiction name as entry element | Pakistan Institute of Development Economics. |
| Title of a work | Monographs in the economics of development, |
| Volume number/sequential designation | no. 14 |
| 504 ## - BIBLIOGRAPHY, ETC. NOTE | |
| Bibliography, etc | Includes bibliographies. |
| 651 #0 - SUBJECT ADDED ENTRY--GEOGRAPHIC NAME | |
| Geographic name | Karachi (Pakistan) |
| General subdivision | Social conditions. |
| 9 (RLIN) | 84141 |
| 700 1# - ADDED ENTRY--PERSONAL NAME | |
| Personal name | Afzal, Mohammad, |
| Dates associated with a name | 1936- |
| Relator term | joint author. |
| Personal name | Rizvi, Amjad Ali Bahadur, |
| Relator term | joint author. |
| 942 ## - ADDED ENTRY ELEMENTS (KOHA) | |
| Source of classification or shelving scheme | Dewey Decimal Classification |
| Koha item type | Books |
| Lost status | Source of classification or shelving scheme | Damaged status | Not for loan | Collection code | Permanent Location | Current Location | Shelving location | Date acquired | Source of acquisition | Cost, normal purchase price | Total Checkouts | Full call number | Date last seen | Copy number | Koha item type |
|---|---|---|---|---|---|---|---|---|---|---|---|---|---|---|---|
| Dewey Decimal Classification | Non-fiction | Central Library, University of Rajshahi | Central Library, University of Rajshahi | 05/03/1968 | Int.DEV. Econ. Karachi | 5.00 | 309.15491 HUS 1965 | 25/03/2014 | C-3 | Books | |||||
| Dewey Decimal Classification | Not For Loan | Non-fiction | Central Library, University of Rajshahi | Central Library, University of Rajshahi | Reading Room | 05/03/1968 | Institute of Dev Eco Karachi | 5.00 | 309.15491 HUS 1965 | 17/05/2014 | C-1 | Books | |||
| Dewey Decimal Classification | Non-fiction | Central Library, University of Rajshahi | Central Library, University of Rajshahi | 05/03/1968 | Institute of Dev Eco Karachi | 5.00 | 309.15491 HUS 1965 | 17/05/2014 | C-2 | Books | |||||
| Dewey Decimal Classification | Non-fiction | Central Library, University of Rajshahi | Central Library, University of Rajshahi | 05/03/1968 | Karachi; Inst. Dev | 5.00 | 309.15491 HUS 1965 | 12/12/2016 | C-4 | Books |